00961ngm a2200265 a 450000500170000000800410001702000150005808200180007311000370009124500590012825000230018726400350021030000550024533600560030033700230035633800310037949000430041065000400045365000470049365000430054065000490058394200130063204000350064599900150068020220317001345.0161108s2005 ck g 000 0 spa  a156331970504a612.661bD37p2 aDiscovery Communications911531610aPubertadcDiscovery Communicationshvideodisco digital aPrimera edición  1aBogotábMS Tv & Videosc2005 a1 DVD (45 minutos)bsonido, color, digitalc12 cm. aimagen en movimiento bidimensionalbtdi2rdacontent avideobv2rdamedia avideodiscobvd2rdacarrier aDiscovery ChannelpEducación : Salud142LEMBaPubertad vVideodisco digital142LEMBaEducacion sexualvVideodisco digital142LEMBaAdolescenciavVideodisco digital142LEMB aSistema endocrinovVideodisco digital 2ddccDVD aCO-BoRNBPbspaerdacCO-BoRNBP c6719d6719